Normal view
MARC view
- Metcalf & Eddy
Entry Personal Name
001 - CONTROL NUMBER
- control field: 115365
003 - CONTROL NUMBER IDENTIFIER
- control field: NUST
005 - DATE AND TIME OF LATEST TRANSACTION
- control field: 20230912165315.0
008 - FIXED-LENGTH DATA ELEMENTS
- fixed length control field: 230912|| aca||aabn | a|a d
040 ## - CATALOGING SOURCE
- Original cataloging agency: NUST
- Transcribing agency: NUST
100 ## - HEADING--PERSONAL NAME
- Personal name: Metcalf & Eddy
670 ## - SOURCE DATA FOUND
- Source citation: Work cat.: (NUST): Metcalf & Eddy, Wastewater engineering : treatment, disposal, and reuse, 2017
